00840nam a2200193 a 450000100100000000500170001000800410002704000250006808200160009310000320010924500850014124600920022626000480031830000200036604900090038695201140039595201200050999900170062900002214920200930011613.0100917s2000 dr a 001 0 spa d aDO-SdBNPbspacBNPHU axxxxbM844c1 aMoreta Feliz, Adolfo94584914aLos comesolos :b(los chichiguaos) en la derrota del PLD /cAdolfo Moreta Feliz.14aLos comesolos:b(los chichiguaos) origen, evolución, análisis y efectos políticos aSanto Domingo :bEditora Centenario,c2000. a77 P. ;c18 cm. aBNPD 0010718PDaPDbPDcCTd2010-09-17iLF1l0oxxxx M844cp22149-10r2020-06-25w2020-06-25yLFPDZNo se presta 0010718PDaPDbPDcCTd2010-09-17iLF1l0oxxxx M844cp22149-20r2020-06-25te. 2w2020-06-25yLFPDZNo se presta c21647d21647